| 000 | 00715nam a2200241 u 4500 | ||
|---|---|---|---|
| 005 | 20220615131308.0 | ||
| 008 | 150622s2007 mx r 000 0 spa d | ||
| 020 | _a970732211x (10 dígitos) | ||
| 020 | _a9789707322110 (13 dígitos) | ||
| 035 | _aUPN01000204416 | ||
| 049 | _aI | ||
| 050 | 4 |
_aML410 B4 _bB6.7 |
|
| 100 | 1 |
_aBoetto, Aldo _935547 |
|
| 245 | 1 | 0 |
_aSoy Beethoven / _cAldo Boetto, Julio Acosta ; il. José Olmos. |
| 260 |
_aMéxico : _bLectorum, _c2007. |
||
| 300 |
_a[28] p. : _bil. col. |
||
| 440 | 0 | _aFlauta de pan | |
| 600 | 1 | 4 |
_aBEETHOVEN, LUDWIG VAN, _d1770-1827 |
| 650 | 7 |
_aMúsicos _vBiografía _2 _911513 |
|
| 700 | 1 |
_aAcosta, Julio, _ecoaut. |
|
| 905 | _aInfantil | ||
| 999 |
_c176517 _d176517 |
||